Tennis masculin : Podium olympique depuis 1988 - Statistiques

Statistiques générales
  • Ce quiz a été pris 73 fois
  • Le résultat moyen est 15 sur 32
Statistiques - réponses
Année Métal Joueur % Correct
2008 Bronze Djokovic
100%
2024 Or Djokovic
100%
2008 Or Nadal
98%
2012 Or Murray
94%
2016 Or Murray
94%
2012 Argent Federer
92%
1996 Or Agassi
90%
2024 Argent Alcaraz
90%
2020 Or Zverev
90%
2012 Bronze Del Potro
75%
2016 Argent Del Potro
75%
2024 Bronze Musetti
55%
1988 Bronze Edberg
43%
2016 Bronze Nishikori
41%
2020 Argent Khachanov
39%
2020 Bronze Carreño Busta
33%
2000 Or Kafelnikov
33%
2004 Or Massú
33%
2004 Bronze González
31%
2008 Argent González
31%
2000 Bronze Di Pasquale
29%
1996 Argent Bruguera
22%
1992 Or Rosset
16%
2004 Argent Fish
14%
2000 Argent Haas
14%
1992 Bronze Ivanišević
12%
1988 Or Mečíř
12%
1988 Bronze Gilbert
10%
1996 Bronze Paes
10%
1988 Argent Mayotte
8%
1992 Argent Arrese
6%
1992 Bronze Cherkasov
6%
Aucun quiz correspondant
Distribution des résultats
% des personnes avec chaque résultat
Percentile par nombre de réponses
Votre historique - résultats
Vous n’avez pas pris ce quiz